Представление документа в формате RUSMARC

ПолеНазваниеЗначение
  Тип записи a
  Библиографический уровень m
001 Контрольный номер UONB/MAIN/6793ba70e8c9494a9ee009a43d03c5d3
005 Дата корректировки 20260429183121.6
010 Индекс ISBN __
d Цена 70 к.
9 Тираж 500 экз.
100 Данные общей обработки __
a Данные общей обработки 20260429d1987 u y0rusy0189 ca
101 Язык документа 0_
a Язык текста rus
102 Страна публикации __
a Страна публикации RU
105 Кодированные данные (монография) __
a Кодированные данные (монография) a z 001yy
200 Заглавие и сведения об ответственности 1_
a Заглавие Технология бурения нефтяных и газовых скважин
e Сведения, относящиеся к заглавию межвузовский научно-тематический сборник
f Первые сведения об ответственности Уфимский нефтяной институт
g Последующие сведения об ответственности под редакцией М. Р. Мавлютова
203 Вид содержания и тип средства __
a Вид содержания Текст
b Характеристика содержания визуальный
c Тип средства непосредственный
210 Выходные данные 1_
a Место издания Уфа
c Издательство УНИ
d Дата издания 1987
215 Физическое описание __
a Объем 166 с.
c Иллюстрации/тип воспроизводства ил.
d Формат 20 см
320 Библиография __
a Библиография Библиогр. в конце ст.
606 Тематические рубрики 0_
a Основная рубрика Бурение на нефть
j Формальный подзаголовок Сборники
606 Тематические рубрики 0_
a Основная рубрика Бурение на газ
j Формальный подзаголовок Сборники
610 Ключевые слова 0_
a Ключевые слова нефтяные скважины; газовые скважины; бурение на нефть; бурение на газ
675 Индекс УДК __
a Индекс УДК 6П1.61
686 Индексы других классификаций __
2 Код системы rubbk
702 Вторичная интеллектуальная ответственность _1
a Фамилия Мавлютов
b Имя (инициалы) М. Р.
g Полное личное имя Мидхат Рахматуллич
4 Код отношения 340
712 Наименование организации (Вторичная ответственность) 02
a Организация/ юрисдикция Уфимский нефтяной институт
4 Код отношения 570
801 Источник записи _0
a Страна RU
b Организация Ульяновская ОНБ
c Дата составления 20260429
g Правила каталогизации RCR
801 Источник записи _1
a Страна RU
b Организация Ульяновская ОНБ
c Дата составления 20260429
g Правила каталогизации RCR
901 Тип документа __
t Тип документа m
909 Создатель записи __
a Создатель записи Агапова
b Дата создания записи 20260429